<?xml version="1.0" encoding="UTF-8"?>
<record
    xmlns:xsi="http://www.w3.org/2001/XMLSchema-instance"
    xsi:schemaLocation="http://www.loc.gov/MARC21/slim http://www.loc.gov/standards/marcxml/schema/MARC21slim.xsd"
    xmlns="http://www.loc.gov/MARC21/slim">

  <leader>01011nam a22002777a 4500</leader>
  <controlfield tag="005">20141020144441.0</controlfield>
  <controlfield tag="008">141019s2014    xxk    fr     000 0 eng d</controlfield>
  <datafield tag="020" ind1=" " ind2=" ">
    <subfield code="a">9780857111395</subfield>
  </datafield>
  <datafield tag="020" ind1=" " ind2=" ">
    <subfield code="a">02635364</subfield>
  </datafield>
  <datafield tag="040" ind1=" " ind2=" ">
    <subfield code="a">EG-ScBUE</subfield>
  </datafield>
  <datafield tag="043" ind1=" " ind2=" ">
    <subfield code="a">e-uk---</subfield>
  </datafield>
  <datafield tag="082" ind1="0" ind2="0">
    <subfield code="2">22</subfield>
    <subfield code="b">MAR</subfield>
    <subfield code="a">615.1141</subfield>
  </datafield>
  <datafield tag="245" ind1="0" ind2="0">
    <subfield code="a">Martindale :</subfield>
    <subfield code="b">the complete drug reference /</subfield>
    <subfield code="c">edited by Alison Brayfield.</subfield>
  </datafield>
  <datafield tag="246" ind1="3" ind2="0">
    <subfield code="a">Complete drug reference</subfield>
  </datafield>
  <datafield tag="250" ind1=" " ind2=" ">
    <subfield code="a">38th ed.</subfield>
  </datafield>
  <datafield tag="260" ind1=" " ind2=" ">
    <subfield code="a">London :</subfield>
    <subfield code="b">Pharmaceutical Press,</subfield>
    <subfield code="c">2014</subfield>
    <subfield code="e">([Rome] :</subfield>
    <subfield code="f">LEGO S.P.A.)</subfield>
  </datafield>
  <datafield tag="300" ind1=" " ind2=" ">
    <subfield code="a">2 v. (xiv, 4596 p.) ;</subfield>
    <subfield code="c">29 cm.</subfield>
  </datafield>
  <datafield tag="505" ind1="0" ind2=" ">
    <subfield code="a">Contents : v. A drug monograhs- v. B preparations, manufacturers, pharmaceutical terms in various languages, general index, Cyrillic index.</subfield>
  </datafield>
  <datafield tag="650" ind1=" " ind2="0">
    <subfield code="a">Pharmacopoeias</subfield>
    <subfield code="9">23526</subfield>
  </datafield>
  <datafield tag="650" ind1=" " ind2="0">
    <subfield code="a">Pharmacopoeias</subfield>
    <subfield code="z">Great Britain</subfield>
    <subfield code="9">30072</subfield>
  </datafield>
  <datafield tag="653" ind1=" " ind2=" ">
    <subfield code="b">PPhrm</subfield>
    <subfield code="c">October2014</subfield>
  </datafield>
  <datafield tag="655" ind1=" " ind2=" ">
    <subfield code="v">reading book</subfield>
    <subfield code="9">34232</subfield>
  </datafield>
  <datafield tag="700" ind1="1" ind2=" ">
    <subfield code="a">Brayfield, Alison</subfield>
    <subfield code="e">editor.</subfield>
    <subfield code="9">36264</subfield>
  </datafield>
  <datafield tag="710" ind1="2" ind2=" ">
    <subfield code="a">Royal Pharmaceutical Society of Great Britain</subfield>
    <subfield code="9">36265</subfield>
  </datafield>
  <datafield tag="942" ind1=" " ind2=" ">
    <subfield code="2">ddc</subfield>
  </datafield>
  <datafield tag="999" ind1=" " ind2=" ">
    <subfield code="c">18470</subfield>
    <subfield code="d">18442</subfield>
  </datafield>
  <datafield tag="952" ind1=" " ind2=" ">
    <subfield code="0">0</subfield>
    <subfield code="1">0</subfield>
    <subfield code="2">ddc</subfield>
    <subfield code="4">0</subfield>
    <subfield code="7">0</subfield>
    <subfield code="8">Baccah</subfield>
    <subfield code="a">MAIN</subfield>
    <subfield code="b">MAIN</subfield>
    <subfield code="c">1ST</subfield>
    <subfield code="d">2014-10-19</subfield>
    <subfield code="e">Purchase</subfield>
    <subfield code="g">4200.00</subfield>
    <subfield code="h">20677</subfield>
    <subfield code="l">0</subfield>
    <subfield code="o">615.1141 MAR</subfield>
    <subfield code="p">000036721</subfield>
    <subfield code="r">2025-07-15 00:00:00</subfield>
    <subfield code="v">5250.00</subfield>
    <subfield code="y">REFERENCE</subfield>
  </datafield>
  <datafield tag="952" ind1=" " ind2=" ">
    <subfield code="0">0</subfield>
    <subfield code="1">0</subfield>
    <subfield code="2">ddc</subfield>
    <subfield code="4">0</subfield>
    <subfield code="7">0</subfield>
    <subfield code="8">Baccah</subfield>
    <subfield code="a">MAIN</subfield>
    <subfield code="b">MAIN</subfield>
    <subfield code="c">1ST</subfield>
    <subfield code="d">2014-10-19</subfield>
    <subfield code="e">Purchase</subfield>
    <subfield code="g">4200.00</subfield>
    <subfield code="h">20677</subfield>
    <subfield code="l">0</subfield>
    <subfield code="o">615.1141 MAR</subfield>
    <subfield code="p">000036722</subfield>
    <subfield code="r">2025-07-15 00:00:00</subfield>
    <subfield code="v">5250.00</subfield>
    <subfield code="y">REFERENCE</subfield>
  </datafield>
  <datafield tag="952" ind1=" " ind2=" ">
    <subfield code="0">0</subfield>
    <subfield code="1">0</subfield>
    <subfield code="2">ddc</subfield>
    <subfield code="4">0</subfield>
    <subfield code="7">0</subfield>
    <subfield code="8">Academic</subfield>
    <subfield code="a">MAIN</subfield>
    <subfield code="b">MAIN</subfield>
    <subfield code="c">1ST</subfield>
    <subfield code="d">2016-02-24</subfield>
    <subfield code="e">Purchase</subfield>
    <subfield code="g">4900.00</subfield>
    <subfield code="h">4867</subfield>
    <subfield code="l">0</subfield>
    <subfield code="o">615.1141 MAR</subfield>
    <subfield code="p">000031693</subfield>
    <subfield code="r">2025-07-15 00:00:00</subfield>
    <subfield code="v">6125.00</subfield>
    <subfield code="y">REFERENCE</subfield>
    <subfield code="z">VOL. B</subfield>
  </datafield>
  <datafield tag="952" ind1=" " ind2=" ">
    <subfield code="0">0</subfield>
    <subfield code="1">0</subfield>
    <subfield code="2">ddc</subfield>
    <subfield code="4">0</subfield>
    <subfield code="7">0</subfield>
    <subfield code="8">Academic</subfield>
    <subfield code="a">MAIN</subfield>
    <subfield code="b">MAIN</subfield>
    <subfield code="c">1ST</subfield>
    <subfield code="d">2016-02-24</subfield>
    <subfield code="e">Purchase</subfield>
    <subfield code="g">4900.00</subfield>
    <subfield code="h">4867</subfield>
    <subfield code="l">0</subfield>
    <subfield code="o">615.1141 MAR</subfield>
    <subfield code="p">000031694</subfield>
    <subfield code="r">2025-10-25 00:00:00</subfield>
    <subfield code="v">6125.00</subfield>
    <subfield code="y">REFERENCE</subfield>
    <subfield code="z">VOL. A</subfield>
  </datafield>
</record>
